Biskup chełmiński ks. dr Augustyn Rosentreter

Titel: Biskup chełmiński ks. dr Augustyn Rosentreter : szkic biograficzny w 175. rocznicę urodzin / Jerzy Szwankowski
Verfasser:
Veröffentlicht: Pelplin : Wydawnictwo Bernardinum, 2021
Umfang: 152 Seiten : Faksimiles, Fotos ; 21 cm
Format: Buch
Sprache: Polnisch
Schlagworte:
ISBN: 9788381277181 ; 8381277183
Buchumschlag
X
alg: 49069307
001A    $03004:04-02-22 
001B    $01999:27-11-24 $t00:12:13.000 
001D    $03004:10-05-22 
001U    $0utf8 
001X    $00 
002@    $0Aau 
002C    $aText $btxt $2rdacontent 
002D    $aohne Hilfsmittel zu benutzen $bn $2rdamedia 
002E    $aBand $bnc $2rdacarrier 
003@    $0490693075 
004A    $A978-83-8127-718-1 
004A    $083-8127-718-3 
006C    $01281243775 $aOCoLC 
007A    $0490693075 $aHEB 
007G    $0DE020B5D4D3B025B42893C12589100037B7D5 
009P    $qapplication/pdf $A2 $3Inhaltsverzeichnis $uhttp://scans.hebis.de/HEBCGI/show.pl?49069307_toc.pdf $mV:DE-603;B:DE-Mb50 
009P    $qapplication/pdf $A2 $3Buch Bibliographie $uhttp://scans.hebis.de/HEBCGI/show.pl?49069307_bib.pdf $mV:DE-603;B:DE-Mb50 
009P    $qapplication/pdf $A2 $3Abstract $uhttp://scans.hebis.de/HEBCGI/show.pl?49069307_sum.pdf $mV:DE-603;B:DE-Mb50 
009P    $qapplication/pdf $A2 $3Cover $uhttp://scans.hebis.de/HEBCGI/show.pl?49069307_cov.pdf $mV:DE-603;B:DE-Mb50 
009P    $qapplication/pdf $A2 $3Register $uhttp://scans.hebis.de/HEBCGI/show.pl?49069307_idx.pdf $mV:DE-603;B:DE-Mb50 
010@    $apol 
011@    $a2021 $n2021 
013D    $RBiograf $RLebenslauf $RBiografik $#Biographies $#Biography $#Biographies -- Histoire et critique $#Biographie $#Biographisches Nachschlagewerk $#Lebensbeschreibung $#Berühmte Persönlichkeit Biografie $#Biografisches Nachschlagewerk $74006804-3 $8Biografie [Ts1] $9085010375 
021A    $aBiskup chełmiński ks. dr Augustyn Rosentreter $dszkic biograficzny w 175. rocznicę urodzin $hJerzy Szwankowski 
027A    $aSzkic biograficzny w 175. rocznicę urodzin 
028A    $BVerfasser $4aut $7132901676 $8Szwankowski, Jerzy$Z1955- [Tp3] $9186167660 
033A    $pPelplin $nWydawnictwo Bernardinum 
034D    $a152 Seiten 
034I    $a21 cm 
034M    $aFaksimiles, Fotos 
037A    $aLiteraturverzeichnis Seite 137-146. Index 
044A    $aRosentreter, Augustyn $2dbn $S17 $d(1844-1926) $N600 
044A    $aRosentreter, Augustyn $2jhpk $S17 $d(1844-1926) $N600 
044A    $aDiecezja Chełmińska $2dbn $S27 $N610 
044A    $aBiskupi $2dbn $S#7 $N650 
044A    $aDuchowieństwo katolickie $2dbn $S#7 $N650 
044A    $aDuszpasterstwo $2dbn $S#7 $N650 
044A    $aGermanizacja $2dbn $S#7 $N650 
044A    $aOdrodzenie narodowe $2dbn $S#7 $N650 
044A    $aRozwój moralny $2dbn $S#7 $N650 
044A    $aRuchy niepodległościowe $2dbn $S#7 $N650 
044A    $aSzkolnictwo teologiczne $2dbn $S#7 $N650 
044A    $aTożsamość narodowa $2dbn $S#7 $N650 
044A    $aZabór pruski $2dbn $S#7 $N651 
044A    $aBiografia $2dbn $S#7 $N655 
044A    $aOpracowanie $2dbn $S#7 $N655 
044K    $#Rosentreter, August $#Rosentreter, Augustyn $7133739120 $8Rosentreter, Augustinus$Z1844-1926 [Tp1] $9193977729 
044K    $RKatholische Kirche $RKatholische Kirche $RKatholische Kirche $RKatholische Kirche $#Katholische Kirche, Diözese Kulm $#Dioecesis Culmensis 1815-1920; 1939-1945 $#Kulmer Diözese 1815-1920; 1939-1945 $#Bisthum Culm 1815-1920; 1939-1945 $#Bistum Kulm 1815-1920; 1939-1945 $#Diecezja Chełmińska 1815-1920; 1939-1945 $71340521563 $8Katholische Kirche$bDiözese Culm [Tb1] $9520990358 
044K    $#Chelm $#Cholm Lublin $#Chełm Lubelski $75298105-8 $8Chełm [Tg1] $9059965363 
044K    $RKirchliches Amt $RPrimas $RKlerus $RBischöfin $#Episcopacy $#Bishops $#Évêques $#Épiscopat $#Vescovi $#Episcopado $#Bischof $#Episkopat $#Bischofsamt $#Landesbischof $#Diözesanbischof $#Bischöfe $74006949-7 $8Bischof [Ts1] $9085010952 
045F    $a200.943809034 $eDDC23BSB 
045F/01 $a200.9 
045F/03 $f09034 
045F/03 $f0904 
045F/03 $g438 
045R    $aKirchengeschichte 1844-1926 

lok: 49069307 24

exp: 49069307 24 1 #EPN
201B/01 $021-11-22 $t13:48:46.000 
201C/01 $004-02-22 
201U/01 $0utf8 
203@/01 $01181152666 
208@/01 $a04-02-22 $bz 
209A/01 $a22.02359 $du $f050 $h22 02359 $x00 
209C/01 $a22.02359 K $h22 02359 K 
209G/01 $a74548563 $x00 
220C/01 $afro/jwa//lop 
247C/01 $8358050-7 Marburg, Bibliothek des Herder-Instituts Marburg $9102600961 

lok: 49069307 78

exp: 49069307 78 1 #EPN
201B/01 $019-05-25 $t15:23:29.000 
201C/01 $019-05-25 
201U/01 $0utf8 
203@/01 $01304663515 
208@/01 $a19-05-25 $be 
209A/01 $a/ $f000 $x00 
209A/01 $ab*p $x01 
220C/01 $apgar 
244Z/01 $#Generalgouvernement Polen $#Polska $#Rzeczpospolita Polska $#Polska Rzeczpospolita Ludowa $#Poland $#Pologne $#République Polonaise $#Generalne Gubernatorstwo w Polsce $#Polish People's Republic $#Polska Rzeczpospolita Polen $#PRL $#RP $#Polen Generalgouvernement $#Polska Generalgouvernement $#Besetzte Polnische Gebiete $#Besetztes Gebiet in Polen $#Okupowane Polskie Obszary $#Obszary Okupowane w Polsce $#Volksrepublik Polen $#Polska Rosyjska $#Republic Polen $#Respublika Pol'ša $#Pol'skaja Narodnaja Respublika $#République de Pologne $#Polen Links der Weichsel $#Polska po Lewej Stronie Wisły $#Lenkija $#Polija $#Gubernija Carstva Pol'skago $#Republik Polen $74046496-9 $8--Tg1--Polen $x01 $9085129801 
247C/01 $82080>Marburg/Lahn, Herder-Institut, Forschungsbibliothek, Bibliographieportal $9336309341
LEADER 00000cam a2200000 c 4500
001 490693075
003 DE-603
005 20241127001213.0
007 tu
008 220204s2021 xx |||| | u00||u|pol c
020 |a 9788381277181 
020 |a 8381277183 
035 |a (DE-599)HEB490693075 
040 |a DE-603  |b ger  |c DE-603  |d DE-603 
041 |a pol 
082 0 4 |8 1\u  |a 200.943809034  |q DE-101  |2 23/BSB 
085 |8 1\u  |b 200.9 
085 |8 1\u  |z 1  |s 09034 
085 |8 1\u  |z 1  |s 0904 
085 |8 1\u  |z 2  |s 438 
100 1 |a Szwankowski, Jerzy  |d 1955-  |e Verfasser  |4 aut  |0 (DE-603)186167660  |0 (DE-588)132901676  |2 gnd 
245 0 0 |a Biskup chełmiński ks. dr Augustyn Rosentreter  |b szkic biograficzny w 175. rocznicę urodzin  |c Jerzy Szwankowski 
246 1 3 |a Szkic biograficzny w 175. rocznicę urodzin 
264 1 |a Pelplin  |b Wydawnictwo Bernardinum  |c 2021 
300 |a 152 Seiten  |b Faksimiles, Fotos  |c 21 cm 
336 |a Text  |b txt  |2 rdacontent 
337 |a ohne Hilfsmittel zu benutzen  |b n  |2 rdamedia 
338 |a Band  |b nc  |2 rdacarrier 
500 |a Literaturverzeichnis Seite 137-146. Index 
600 1 7 |a Rosentreter, Augustinus  |d 1844-1926  |0 (DE-588)133739120  |0 (DE-603)193977729  |2 gnd 
610 1 7 |a Katholische Kirche  |b Diözese Culm  |2 gnd  |0 (DE-588)1340521563  |0 (DE-603)520990358 
648 7 |a Kirchengeschichte 1844-1926  |2 gnd 
650 7 |a Bischof  |0 (DE-588)4006949-7  |0 (DE-603)085010952  |2 gnd 
651 7 |a Chełm  |0 (DE-588)5298105-8  |0 (DE-603)059965363  |2 gnd 
655 7 |a Biografie  |2 gnd-content  |0 (DE-588)4006804-3  |0 (DE-603)085010375 
856 4 2 |m V:DE-603;B:DE-Mb50  |q application/pdf  |u http://scans.hebis.de/HEBCGI/show.pl?49069307_toc.pdf  |3 Inhaltsverzeichnis 
856 4 2 |m V:DE-603;B:DE-Mb50  |q application/pdf  |u http://scans.hebis.de/HEBCGI/show.pl?49069307_bib.pdf  |3 Buch Bibliographie 
856 4 2 |m V:DE-603;B:DE-Mb50  |q application/pdf  |u http://scans.hebis.de/HEBCGI/show.pl?49069307_sum.pdf  |3 Abstract 
856 4 2 |m V:DE-603;B:DE-Mb50  |q application/pdf  |u http://scans.hebis.de/HEBCGI/show.pl?49069307_cov.pdf  |3 Cover 
856 4 2 |m V:DE-603;B:DE-Mb50  |q application/pdf  |u http://scans.hebis.de/HEBCGI/show.pl?49069307_idx.pdf  |3 Register 
924 0 |9 Mb 50  |a (DE-603)1181152666  |b DE-Mb50  |c HES  |d c  |g 22.02359 
924 0 |9 2080  |a (DE-603)1304663515  |b DE-2080  |c HES  |d d  |g /